Normal view
MARC view
Entry Personal Name
001 - CONTROL NUMBER
- control field: 12541
003 - CONTROL NUMBER IDENTIFIER
- control field: BD-RjUL
005 - DATE AND TIME OF LATEST TRANSACTION
- control field: 20240325150349.0
008 - FIXED-LENGTH DATA ELEMENTS
- fixed length control field: 240325|| aca||aabn | a|a d
040 ## - CATALOGING SOURCE
- Original cataloging agency: BD-RjUL
- Transcribing agency: BD-RjUL
100 ## - HEADING--PERSONAL NAME
- Personal name: Allāhābādī, Akbar
- Dates associated with a name: 1846-1921
670 ## - SOURCE DATA FOUND
- Source citation: Work cat.: (BD-RjUL)83480: Allāhābādī, Akbar 1846-1921., رُقعاتِ اکبر رُقعاتِ اکبر ;; Ruqʻāt-i Akbar / , 1947